[Event "SVK-chT 6th B02 corr"]
[Site "Slovakia"]
[Date "2004.02.15"]
[Round "?"]
[White "Cavajda, Ivan"]
[Black "Nalepovic, Jozef"]
[Result "1-0"]
[WhiteElo "2375"]
[BlackElo "2226"]
[PlyCount "51"]
[EventDate "2004.??.??"]
[EventType "team (corr)"]
[EventRounds "14"]
[EventCountry "SVK"]
[SourceTitle "Corr 2006"]
[Source "ChessBase"]
[SourceDate "2006.04.01"]
[SourceVersion "3"]
[SourceVersionDate "2006.04.01"]
[SourceQuality "1"]

1. e4 e5 2. Nf3 Nc6 3. Bb5 a6 4. Ba4 Nf6 5. 0-0 Be7 6. Re1 b5 7. Bb3 0-0 8. c3 d5 9. exd5 Nxd5 10. Nxe5 Nxe5 11. Rxe5 c6 12. d3 Bd6 13. Re1 Bf5 14. Qf3 Re8 15. Rxe8+ Qxe8 16. Nd2 Qe1+ 17. Nf1 Bg6 18. g3 Re8 19. Bd1 Qe6 20. Bd2 Bf5 21. a4 b4 22. g4 Bg6 23. Bb3 bxc3 24. bxc3 Qd7 25. Ng3 Qb7 26. Rb1 1-0

[Event "SVK-chT 6th B02 corr"]
[Site "Slovakia"]
[Date "2004.02.15"]
[Round "?"]
[White "Csolto, Tibor"]
[Black "Nalepovic, Jozef"]
[Result "1/2-1/2"]
[WhiteElo "2250"]
[BlackElo "2226"]
[PlyCount "43"]
[EventDate "2004.??.??"]
[EventType "team (corr)"]
[EventRounds "14"]
[EventCountry "SVK"]
[SourceTitle "Corr 2006"]
[Source "ChessBase"]
[SourceDate "2006.04.01"]
[SourceVersion "3"]
[SourceVersionDate "2006.04.01"]
[SourceQuality "1"]

1. e4 c5 2. Nf3 Nc6 3. d4 cxd4 4. Nxd4 Nf6 5. Nc3 d6 6. Bg5 e6 7. Qd2 a6 8. 0-0-0 h6 9. Be3 Be7 10. f4 Bd7 11. Qe1 0-0 12. Bd3 Ng4 13. Bg1 Nxd4 14. Bxd4 e5 15. fxe5 dxe5 16. Bg1 Bb4 17. a3 Qg5+ 18. Kb1 Bxc3 19. Qxc3 Bc6 20. h4 Qh5 21. Rf1 Bd7 22. Be2 1/2-1/2

[Event "SVK-chT 6th B02 corr"]
[Site "Slovakia"]
[Date "2004.02.15"]
[Round "?"]
[White "Nalepovic, Jozef"]
[Black "Csolto, Tibor"]
[Result "1/2-1/2"]
[WhiteElo "2226"]
[BlackElo "2250"]
[PlyCount "44"]
[EventDate "2004.??.??"]
[EventType "team (corr)"]
[EventRounds "14"]
[EventCountry "SVK"]
[SourceTitle "Corr 2006"]
[Source "ChessBase"]
[SourceDate "2006.04.01"]
[SourceVersion "3"]
[SourceVersionDate "2006.04.01"]
[SourceQuality "1"]

1. d4 Nf6 2. c4 c5 3. d5 b5 4. cxb5 a6 5. bxa6 g6 6. Nc3 Bxa6 7. g3 d6 8. Bg2 Bg7 9. Nf3 0-0 10. 0-0 Nbd7 11. Rb1 Ne8 12. Re1 Bc4 13. a3 Nc7 14. e4 Rb8 15. Qc2 Bb3 16. Qe2 Ne5 17. Nxe5 Bxe5 18. Be3 c4 19. Ra1 Nb5 20. Nxb5 Rxb5 21. f4 Bg7 22. Qf2 Qd7 1/2-1/2

[Event "SVK-chT 6th B02 corr"]
[Site "Slovakia"]
[Date "2004.02.15"]
[Round "?"]
[White "Nalepovic, Jozef"]
[Black "Hlinka, Vasil"]
[Result "0-1"]
[WhiteElo "2226"]
[BlackElo "2371"]
[PlyCount "50"]
[EventDate "2004.??.??"]
[EventType "team (corr)"]
[EventRounds "14"]
[EventCountry "SVK"]
[SourceTitle "Corr 2006"]
[Source "ChessBase"]
[SourceDate "2006.04.01"]
[SourceVersion "3"]
[SourceVersionDate "2006.04.01"]
[SourceQuality "1"]

1. c4 e5 2. Nc3 Nf6 3. Nf3 Nc6 4. g3 Bb4 5. Nd5 Bc5 6. Bg2 d6 7. 0-0 0-0 8. d3 Nxd5 9. cxd5 Nd4 10. Nxd4 Bxd4 11. e3 Bb6 12. a4 a5 13. b3 Qg5 14. e4 Qg6 15. Kh1 Bd4 16. Rb1 c5 17. dxc6 bxc6 18. Bb2 Bxb2 19. Rxb2 c5 20. f4 f6 21. Qd2 Qh5 22. Bf3 Qh6 23. Qd1 Bh3 24. Rff2 exf4 25. Qd2 Rab8 0-1

[Event "SVK-chT2 6th As2 corr"]
[Site "Slovakia"]
[Date "2004.??.??"]
[Round "?"]
[White "Nalepovic, Jozef"]
[Black "Capak, Stefan"]
[Result "1/2-1/2"]
[WhiteElo "2226"]
[BlackElo "2376"]
[PlyCount "66"]
[EventDate "2004.02.15"]
[EventType "team (corr)"]
[EventRounds "10"]
[EventCountry "SVK"]
[EventCategory "3"]
[SourceTitle "Corr 2008"]
[Source "ChessBase"]
[SourceDate "2008.06.24"]
[SourceVersion "1"]
[SourceVersionDate "2008.06.24"]
[SourceQuality "1"]

1. c4 e5 2. Nc3 Nf6 3. Nf3 Nc6 4. g3 d5 5. cxd5 Nxd5 6. Bg2 Nb6 7. 0-0 Be7 8. d3 0-0 9. Be3 Be6 10. Qc1 Nd5 11. Nxd5 Bxd5 12. Rd1 Nd4 13. Nxd4 exd4 14. Bxd5 Qxd5 15. Bf4 Bd6 16. Bxd6 Qxd6 17. b4 Rfe8 18. Qd2 Re5 19. a4 Rae8 20. Re1 c6 21. Rac1 h5 22. Qf4 Qxb4 23. Rb1 Qxa4 24. Rxb7 R5e7 25. Rxe7 Rxe7 26. Kf1 Qb4 27. Rc1 Qb2 28. Re1 Re6 29. Qg5 g6 30. Qc5 Qb6 31. Rc1 Kg7 32. h3 Qxc5 33. Rxc5 f5 1/2-1/2

[Event "SVK-Cup13 G4 corr"]
[Site "Slovakia"]
[Date "2003.04.22"]
[Round "2"]
[White "Nalepovic, Jozef"]
[Black "Mlynarcik, Stefan"]
[Result "1/2-1/2"]
[WhiteElo "2080"]
[BlackElo "2071"]
[PlyCount "71"]
[EventDate "2002.02.01"]
[EventType "tourn (corr)"]
[EventRounds "12"]
[EventCountry "SVK"]
[SourceTitle "Corr 2006"]
[Source "ChessBase"]
[SourceDate "2006.04.01"]
[SourceVersion "3"]
[SourceVersionDate "2006.04.01"]
[SourceQuality "1"]

1. d4 Nf6 2. c4 e6 3. Nf3 b6 4. g3 Ba6 5. Qa4 Bb7 6. Bg2 c5 7. 0-0 cxd4 8. Nxd4 Bxg2 9. Kxg2 Bc5 10. Rd1 0-0 11. Nc3 Qc7 12. Bg5 Be7 13. f3 Rc8 14. Rac1 a6 15. Bf4 d6 16. Ndb5 Qxc4 17. Qxc4 Rxc4 18. Bxd6 Bd8 19. Bf4 Nbd7 20. Nd6 Rc6 21. e4 Ra7 22. e5 Nh5 23. Be3 g5 24. Nce4 Rxc1 25. Rxc1 Rc7 26. Rxc7 Bxc7 27. Bd4 h6 28. b4 Kf8 29. a4 f6 30. exf6 Nhxf6 31. Nxf6 Nxf6 32. Bxf6 Bxd6 33. b5 axb5 34. axb5 Kf7 35. Bd4 Bc7 36. Kf2 1/2-1/2

[Event "SVK-Cup13 G4 corr"]
[Site "Slovakia"]
[Date "2003.02.27"]
[Round "13"]
[White "Nalepovic, Jozef"]
[Black "Kotoucek, Milan"]
[Result "1-0"]
[WhiteElo "2080"]
[BlackElo "1941"]
[PlyCount "69"]
[EventDate "2002.02.01"]
[EventType "tourn (corr)"]
[EventRounds "12"]
[EventCountry "SVK"]
[SourceTitle "Corr 2006"]
[Source "ChessBase"]
[SourceDate "2006.04.01"]
[SourceVersion "3"]
[SourceVersionDate "2006.04.01"]
[SourceQuality "1"]

1. e4 c5 2. Nf3 g6 3. d4 cxd4 4. Nxd4 Bg7 5. Nc3 Nc6 6. Be3 Nf6 7. Bc4 d6 8. f3 Qb6 9. Nf5 Qxb2 10. Nxg7+ Kf8 11. Nd5 Nxd5 12. Bxd5 Qxg7 13. Rb1 Qc3+ 14. Qd2 Qxd2+ 15. Bxd2 e6 16. Bc3 e5 17. Kf2 Kg7 18. Rhd1 Rd8 19. Bxc6 bxc6 20. Bxe5+ f6 21. Bxd6 Ba6 22. Be7 Rxd1 23. Rxd1 Rb8 24. Rd6 Bb5 25. Bxf6+ Kf7 26. e5 Rb7 27. Bg5 c5 28. e6+ Kg7 29. f4 Be8 30. Ke3 Rb6 31. Rxb6 axb6 32. g4 c4 33. Kd4 b5 34. f5 gxf5 35. gxf5 1-0

[Event "SVK-ch sf 30th corr"]
[Site "Slovakia"]
[Date "2003.??.??"]
[Round "43"]
[White "Nalepovic, Jozef"]
[Black "Hindicky, Frantisek"]
[Result "0-1"]
[WhiteElo "2218"]
[BlackElo "2218"]
[PlyCount "50"]
[EventDate "2003.02.24"]
[EventType "tourn (corr)"]
[EventRounds "14"]
[EventCountry "SVK"]
[SourceTitle "Corr 2008"]
[Source "ChessBase"]
[SourceDate "2008.06.24"]
[SourceVersion "1"]
[SourceVersionDate "2008.06.24"]
[SourceQuality "1"]

1. Nf3 c5 2. g3 Nc6 3. Bg2 g6 4. d3 Bg7 5. 0-0 e6 6. Nbd2 Nge7 7. e4 0-0 8. c3 d6 9. Nb3 e5 10. d4 exd4 11. cxd4 c4 12. Nbd2 d5 13. exd5 Qxd5 14. Re1 Be6 15. b3 c3 16. Ne4 Qa5 17. Bg5 Nd5 18. Be3 Nxe3 19. fxe3 Bd5 20. Nh4 Rae8 21. Nd6 Re7 22. Qd3 Rd8 23. Bxd5 Qxd5 24. Nb5 Nb4 25. Qe2 Qc6 0-1

[Event "SVK-ch sf 30th corr"]
[Site "Slovakia"]
[Date "2003.??.??"]
[Round "56"]
[White "Nalepovic, Jozef"]
[Black "Kupec, Miroslav"]
[Result "0-1"]
[WhiteElo "2182"]
[BlackElo "2143"]
[PlyCount "60"]
[EventDate "2003.02.24"]
[EventType "tourn (corr)"]
[EventRounds "14"]
[EventCountry "SVK"]
[SourceTitle "Corr 2008"]
[Source "ChessBase"]
[SourceDate "2008.06.24"]
[SourceVersion "1"]
[SourceVersionDate "2008.06.24"]
[SourceQuality "1"]

1. g4 d5 2. Bg2 c6 3. h3 h5 4. g5 h4 5. d3 e5 6. e4 Be6 7. Nf3 Nd7 8. exd5 cxd5 9. d4 e4 10. Ng1 Rc8 11. Ne2 Be7 12. Rg1 Nb6 13. Nbc3 Bf5 14. Bf4 f6 15. gxf6 Nxf6 16. Bf1 Bf8 17. Be5 Qd7 18. Nf4 Bb4 19. Qd2 Nc4 20. Bxc4 Rxc4 21. Qe3 Rf8 22. f3 Qc6 23. Nfe2 exf3 24. Qxf3 g6 25. Bxf6 Be4 26. Qf4 Rxf6 27. Qe5+ Re6 28. Qh8+ Kd7 29. Kd2 Qa4 30. Rac1 Qxa2 0-1

[Event "SVK-chT2 5th B02 corr"]
[Site "Slovakia"]
[Date "2002.03.01"]
[Round "2"]
[White "Vrana, Lubomir"]
[Black "Nalepovic, Jozef"]
[Result "1/2-1/2"]
[WhiteElo "2101"]
[BlackElo "2398"]
[PlyCount "113"]
[EventDate "2002.??.??"]
[EventType "team (corr)"]
[EventRounds "10"]
[EventCountry "SVK"]
[SourceTitle "Corr 2004"]
[Source "ChessBase"]
[SourceDate "2003.04.28"]
[SourceVersion "3"]
[SourceVersionDate "2003.04.28"]
[SourceQuality "1"]

1. d4 d5 2. c4 c6 3. Nf3 Nf6 4. Nc3 dxc4 5. a4 Bf5 6. e3 e6 7. Bxc4 Bb4 8. Qb3 Qe7 9. 0-0 0-0 10. Bd2 c5 11. Rfe1 Nc6 12. Bb5 Na5 13. Qa2 a6 14. Be2 cxd4 15. Nxd4 Bg6 16. Rac1 Rad8 17. Nb1 Bxd2 18. Nxd2 Rd7 19. Nc4 Nxc4 20. Qxc4 Rfd8 21. Red1 Be4 22. Nf3 Rxd1+ 23. Rxd1 Rxd1+ 24. Bxd1 Bd5 25. Qc8+ Qf8 26. Qxf8+ Kxf8 27. Ne5 Ke7 28. a5 Nd7 29. Nd3 Kd6 30. b4 b5 31. f4 f5 32. h4 Be4 33. Nf2 Nf6 34. g4 fxg4 35. Bxg4 Bc2 36. Bf3 Nd5 37. Ng4 Nxb4 38. Ne5 Nd5 39. Kf2 Kc5 40. Ke2 Kb4 41. Kd2 Bb3 42. Nc6+ Ka4 43. Nd4 Nc7 44. Be2 Bd5 45. Bd3 g6 46. e4 Bb7 47. f5 exf5 48. exf5 gxf5 49. Bxf5 h6 50. Bc2+ Kxa5 51. Nf5 Ne6 52. Nxh6 Nd4 53. Kc3 Nxc2 54. Kxc2 Ka4 55. Kb2 b4 56. Ng4 Bf3 57. Nf6 1/2-1/2

[Event "SVK-ch sf 26th corr"]
[Site "Slovakia"]
[Date "2002.??.??"]
[Round "?"]
[White "Nalepovic, Jozef"]
[Black "Regec, Viliam"]
[Result "1/2-1/2"]
[WhiteElo "2062"]
[BlackElo "2117"]
[PlyCount "60"]
[EventDate "2001.01.16"]
[EventType "tourn (corr)"]
[EventRounds "8"]
[EventCountry "SVK"]
[SourceTitle "Corr 2004"]
[Source "ChessBase"]
[SourceDate "2003.04.28"]
[SourceVersion "3"]
[SourceVersionDate "2003.04.28"]
[SourceQuality "1"]

1. e4 e5 2. Nf3 Nc6 3. Bb5 a6 4. Ba4 Nf6 5. 0-0 Be7 6. Re1 b5 7. Bb3 d6 8. c3 0-0 9. h3 Na5 10. Bc2 c5 11. d4 Qc7 12. Nbd2 Bd7 13. Nf1 Rfe8 14. b3 c4 15. Ne3 Bd8 16. bxc4 Nxc4 17. Nxc4 Qxc4 18. Bb2 Bb6 19. Bb3 Qc7 20. Ng5 Be6 21. Nxe6 fxe6 22. dxe5 dxe5 23. a4 Rad8 24. Qe2 Qc5 25. axb5 axb5 26. Qc2 h6 27. Ba3 Qc6 28. c4 Rc8 29. Rac1 Ra8 30. Bb2 bxc4 1/2-1/2

[Event "SVK-ch sf 26th corr"]
[Site "Slovakia"]
[Date "2002.??.??"]
[Round "?"]
[White "Regec, Viliam"]
[Black "Nalepovic, Jozef"]
[Result "1/2-1/2"]
[WhiteElo "2117"]
[BlackElo "2062"]
[PlyCount "39"]
[EventDate "2001.01.16"]
[EventType "tourn (corr)"]
[EventRounds "8"]
[EventCountry "SVK"]
[SourceTitle "Corr 2004"]
[Source "ChessBase"]
[SourceDate "2003.04.28"]
[SourceVersion "3"]
[SourceVersionDate "2003.04.28"]
[SourceQuality "1"]

1. e4 c5 2. Nf3 Nc6 3. d4 cxd4 4. Nxd4 Nf6 5. Nc3 d6 6. Be2 a6 7. Be3 e6 8. 0-0 Be7 9. Qd2 0-0 10. Rad1 Qc7 11. f4 Bd7 12. Kh1 Rfe8 13. Nf3 Rac8 14. e5 dxe5 15. Nxe5 Red8 16. Nxd7 Rxd7 17. Qc1 Rcd8 18. Rxd7 Rxd7 19. Rd1 Rxd1+ 20. Qxd1 1/2-1/2

[Event "SVK-Cup11 corr"]
[Site "Slovakia"]
[Date "2001.??.??"]
[Round "?"]
[White "Nalepovic, Jozef"]
[Black "Klochan, Peter"]
[Result "1/2-1/2"]
[WhiteElo "2049"]
[BlackElo "2144"]
[PlyCount "52"]
[EventDate "2001.??.??"]
[EventType "tourn (corr)"]
[EventRounds "10"]
[EventCountry "SVK"]
[SourceTitle "Corr 2002"]
[Source "ChessBase"]
[SourceDate "2002.05.23"]
[SourceVersion "1"]
[SourceVersionDate "2002.05.23"]
[SourceQuality "1"]

1. c4 f5 2. Nc3 Nf6 3. d4 g6 4. g3 Bg7 5. Bg2 0-0 6. Nf3 d6 7. 0-0 c6 8. d5 e5 9. dxe6 Bxe6 10. Qd3 Na6 11. Ng5 Qe7 12. Bf4 Rfd8 13. Rad1 Nh5 14. Nxe6 Qxe6 15. Bg5 Nc5 16. Qc2 Nf6 17. b3 Rd7 18. b4 Nce4 19. Nxe4 Nxe4 20. Bxe4 fxe4 21. Bf4 Re8 22. Rd2 d5 23. cxd5 cxd5 24. Rc1 d4 25. Qc4 Qxc4 26. Rxc4 b5 1/2-1/2

[Event "SVK-Cup11 corr"]
[Site "Slovakia"]
[Date "2001.??.??"]
[Round "?"]
[White "Nalepovic, Jozef"]
[Black "Toma, Rudolf"]
[Result "0-1"]
[WhiteElo "2049"]
[BlackElo "2082"]
[PlyCount "70"]
[EventDate "2001.??.??"]
[EventType "tourn (corr)"]
[EventRounds "10"]
[EventCountry "SVK"]
[SourceTitle "Corr 2002"]
[Source "ChessBase"]
[SourceDate "2002.05.23"]
[SourceVersion "1"]
[SourceVersionDate "2002.05.23"]
[SourceQuality "1"]

1. Nf3 d5 2. g3 Nf6 3. c4 c6 4. b3 Bf5 5. Bg2 e6 6. 0-0 Nbd7 7. d3 Bd6 8. Bb2 0-0 9. Nbd2 Qe7 10. a3 e5 11. cxd5 cxd5 12. Re1 h6 13. e4 dxe4 14. dxe4 Be6 15. b4 a5 16. bxa5 Rxa5 17. a4 Bb4 18. h3 Rfa8 19. Re3 Qd6 20. Bf1 Bc5 21. Rd3 Qc6 22. Nxe5 Nxe5 23. Bxe5 Bxf2+ 24. Kxf2 Rxe5 25. Bg2 Rea5 26. Qc1 Qa6 27. Qc3 Qa7+ 28. Qd4 Nd7 29. Qxa7 R8xa7 30. Nb3 Rxa4 31. Rxa4 Rxa4 32. Rd2 b5 33. Nd4 Bc4 34. Nc6 Nc5 35. Ne5 Be6 0-1

[Event "SVK-Cup12 sf3 corr"]
[Site "Slovakia"]
[Date "2000.07.??"]
[Round "?"]
[White "Kupcik, Jozef"]
[Black "Nalepovic, Jozef"]
[Result "1-0"]
[WhiteElo "2186"]
[BlackElo "2049"]
[PlyCount "67"]
[EventDate "2000.07.??"]
[EventType "tourn (corr)"]
[EventRounds "12"]
[EventCountry "SVK"]
[SourceTitle "Corr 2004"]
[Source "ChessBase"]
[SourceDate "2003.04.28"]
[SourceVersion "3"]
[SourceVersionDate "2003.04.28"]
[SourceQuality "1"]

1. d4 d5 2. c4 c6 3. Nf3 Nf6 4. Nc3 dxc4 5. a4 Bf5 6. e3 e6 7. Bxc4 Bb4 8. 0-0 Nbd7 9. Qe2 0-0 10. e4 Bg6 11. e5 Nd5 12. Ne4 h6 13. Bd2 Bxd2 14. Nfxd2 N7b6 15. Nd6 Nxc4 16. N2xc4 Rb8 17. Qd2 Qh4 18. Na5 Qe7 19. Rfc1 Qc7 20. Ra3 Rfd8 21. Rb3 Rxd6 22. exd6 Qxd6 23. Rxb7 Rxb7 24. Nxb7 Qc7 25. Na5 Ne7 26. f3 Qd7 27. Qb4 f6 28. Qc5 Be8 29. Kf1 g5 30. Kf2 Bg6 31. Rc4 Bd3 32. Rc3 Ba6 33. Ke1 Kf7 34. Nxc6 1-0

[Event "SVK-Cup12 sf3 corr"]
[Site "Slovakia"]
[Date "2000.07.??"]
[Round "?"]
[White "Kupec, Miroslav"]
[Black "Nalepovic, Jozef"]
[Result "1/2-1/2"]
[WhiteElo "1972"]
[BlackElo "2049"]
[PlyCount "88"]
[EventDate "2000.07.??"]
[EventType "tourn (corr)"]
[EventRounds "12"]
[EventCountry "SVK"]
[SourceTitle "Corr 2004"]
[Source "ChessBase"]
[SourceDate "2003.04.28"]
[SourceVersion "3"]
[SourceVersionDate "2003.04.28"]
[SourceQuality "1"]

1. e4 c6 2. d4 d5 3. Nc3 dxe4 4. Nxe4 Nd7 5. Bc4 Ngf6 6. Ng5 e6 7. Qe2 Nb6 8. Bb3 h6 9. N5f3 c5 10. Be3 Qc7 11. Ne5 cxd4 12. Bxd4 Bc5 13. Ngf3 Bxd4 14. Nxd4 Nbd5 15. 0-0 0-0 16. Nb5 Qc5 17. c4 Ne7 18. Rad1 Nc6 19. Nxc6 Qxc6 20. Rd3 b6 21. Rfd1 Bb7 22. Qf1 Ba6 23. Rd6 Qc5 24. R6d4 Bxb5 25. cxb5 Rac8 26. a3 Rfe8 27. Qe2 Qe7 28. h3 Red8 29. Qc4 Rxc4 30. Rxd8+ Kh7 31. Bxc4 g6 32. R8d4 Kg7 33. R4d2 Qc5 34. Bd3 Qh5 35. a4 Qh4 36. b3 Nd5 37. Bc4 Nc3 38. Rc1 Qf4 39. Rcc2 Ne4 40. Rd7 Nc5 41. Rxa7 Qb8 42. Ra6 Nxa6 43. bxa6 Qc7 44. g3 e5 1/2-1/2

[Event "SVK-Cup12 sf3 corr"]
[Site "Slovakia"]
[Date "2000.07.??"]
[Round "?"]
[White "Nalepovic, Jozef"]
[Black "Kupec, Miroslav"]
[Result "0-1"]
[WhiteElo "2049"]
[BlackElo "1972"]
[PlyCount "64"]
[EventDate "2000.07.??"]
[EventType "tourn (corr)"]
[EventRounds "12"]
[EventCountry "SVK"]
[SourceTitle "Corr 2004"]
[Source "ChessBase"]
[SourceDate "2003.04.28"]
[SourceVersion "3"]
[SourceVersionDate "2003.04.28"]
[SourceQuality "1"]

1. e4 e5 2. f4 exf4 3. Bc4 Nf6 4. Nc3 c6 5. d4 Bb4 6. e5 Ne4 7. Kf1 Bxc3 8. bxc3 Qh4 9. Qf3 Ng3+ 10. hxg3 Qxh1 11. Bxf4 0-0 12. Re1 g6 13. Bg5 d5 14. exd6 Be6 15. Bb3 Nd7 16. Re4 Bxb3 17. cxb3 Rfe8 18. Rf4 f6 19. Bxf6 Nxf6 20. Rxf6 Qh6 21. Qf4 Qxf4+ 22. gxf4 Kg7 23. d7 Kxf6 24. dxe8Q Rxe8 25. Kf2 Kf5 26. Kf3 Re1 27. g4+ Kf6 28. Kf2 Ra1 29. Ne2 Rxa2 30. Kf3 a5 31. Ng3 b5 32. Ne4+ Ke7 0-1

[Event "SVK-Cup12 sf1 corr"]
[Site "Slovakia"]
[Date "2000.??.??"]
[Round "?"]
[White "Magula, Rene"]
[Black "Nalepovic, Jozef"]
[Result "1-0"]
[WhiteElo "1983"]
[BlackElo "2049"]
[PlyCount "55"]
[EventDate "2000.07.01"]
[EventType "tourn (corr)"]
[EventRounds "12"]
[EventCountry "SVK"]
[SourceTitle "Corr 2002"]
[Source "ChessBase"]
[SourceDate "2002.05.23"]
[SourceVersion "1"]
[SourceVersionDate "2002.05.23"]
[SourceQuality "1"]

1. e4 Nf6 2. e5 Nd5 3. c4 Nb6 4. d4 d6 5. Nf3 Bg4 6. exd6 cxd6 7. h3 Bxf3 8. Qxf3 Nc6 9. Qd1 e6 10. d5 Ne5 11. dxe6 fxe6 12. Nc3 Qc7 13. Nb5 Qc6 14. b3 Nbd7 15. Be3 Nb6 16. Qe2 Be7 17. Qh5+ g6 18. Qe2 a6 19. Nd4 Qd7 20. f4 Nf7 21. 0-0-0 Nc8 22. g4 Bf6 23. Bg2 Ne7 24. h4 d5 25. Bf2 Nd8 26. Rhe1 Qd6 27. cxd5 Qxf4+ 28. Kb1 1-0

[Event "SVK-Cup12 sf1 corr"]
[Site "Slovakia"]
[Date "2000.??.??"]
[Round "?"]
[White "Nalepovic, Jozef"]
[Black "Chyla, Jiri"]
[Result "0-1"]
[WhiteElo "2049"]
[BlackElo "1986"]
[PlyCount "80"]
[EventDate "2000.07.01"]
[EventType "tourn (corr)"]
[EventRounds "12"]
[EventCountry "SVK"]
[SourceTitle "Corr 2002"]
[Source "ChessBase"]
[SourceDate "2002.05.23"]
[SourceVersion "1"]
[SourceVersionDate "2002.05.23"]
[SourceQuality "1"]

1. e4 c5 2. c3 d5 3. exd5 Qxd5 4. d4 Nf6 5. Nf3 Bg4 6. Be2 cxd4 7. cxd4 e6 8. Nc3 Bb4 9. 0-0 Bxc3 10. bxc3 0-0 11. h3 Bh5 12. c4 Qd8 13. Rb1 b6 14. Bd3 Nc6 15. g4 Bg6 16. Bxg6 hxg6 17. Bb2 Rc8 18. Qe2 Re8 19. Rfd1 Na5 20. Rbc1 Qc7 21. Ne5 Qb7 22. c5 Nd5 23. Qd2 g5 24. Nd3 f6 25. Qe2 Kf7 26. Re1 b5 27. Rc2 Nc4 28. Ba1 Qc6 29. a4 a6 30. Qf3 Kg8 31. axb5 axb5 32. Ra2 Ra8 33. Rxa8 Rxa8 34. Qe2 Kf7 35. Rb1 Ra3 36. Qc2 Rxd3 37. Qxd3 Nf4 38. d5 exd5 39. Qb3 d4 40. f3 d3 0-1